|
|
|
|
| LEADER |
00652nam a22002052a 4500 |
| 001 |
001327092 |
| 003 |
CZ BrMZK |
| 005 |
20130917105339.0 |
| 007 |
ta |
| 008 |
130917s1966 xr er|||||||||||cze d |
| 040 |
|
|
|a BOA001
|b cze
|
| 100 |
1 |
|
|a Aleksejev, Michail Vasiljevič
|7 jo2009480343
|4 aut
|
| 245 |
1 |
0 |
|a Předcházení požárům z technologických příčin /
|c M.V. Aleksejev
|
| 260 |
|
|
|a Praha :
|b Československý svaz požární ochrany,
|c 1966
|
| 300 |
|
|
|a 185 s.
|
| 504 |
|
|
|a Obsahuje bibliografii
|
| 910 |
|
|
|a BOA001
|b 2-0577.581
|
| 990 |
|
|
|a BK
|
| 991 |
|
|
|b 201309
|
| 996 |
7 |
|
|b 2619018755
|c 2-0577.581
|l HP2
|r DEN
|n 0
|w 001362073
|u 000010
|a 1
|e BOA001
|j MZK50
|s A
|